[Event "AUTO-OPEN-1761"]
[Site "http://www.queenalice.com/game.php?id=682306"]
[Date "2009.11.13"]
[Round "1"]
[White "eder"]
[Black "flucris2701"]
[Result "0-1"]
[WhiteElo "1669"]
[BlackElo "1329"]

1. d4 d5 2. c4 dxc4 3. Nf3 Nf6 4. Nc3 Bg4 5. e3 Bxf3 6. Qxf3 Nc6 7. Bxc4 e6 8.
O-O Bb4 9. Bb5 Bxc3 10. bxc3 Qd7 11. Bxc6 Qxc6 12. Qxc6+ bxc6 13. Ba3 Rb8 0-1

[Event "AUTO-OPEN-1761"]
[Site "http://www.queenalice.com/game.php?id=682351"]
[Date "2009.11.13"]
[Round "1"]
[White "bacana"]
[Black "eder"]
[Result "1-0"]
[WhiteElo "2067"]
[BlackElo "1555"]

1. b4 e5 2. Bb2 d6 3. e3 Nf6 4. d4 Nbd7 5. c4 b6 6. Nd2 Bb7 7. dxe5 dxe5 8. Ngf3
Bxb4 9. Nxe5 Nxe5 10. Bxe5 Ne4 11. Qa4+ Qd7 12. Qxb4 c5 13. Qb2 f6 14. Nxe4 Bxe4
15. Bc3 Rd8 16. Qb5 Bc6 17. Qb2 O-O 18. f3 Qe6 19. Qf2 Rfe8 20. Be2 Qxe3 21.
Qxe3 Rxe3 22. Bd2 Re7 23. Rf1 Rde8 24. Rf2 b5 25. Kf1 b4 26. Bf4 Re6 27. Bd3 g6
28. Re2 Rxe2 29. Bxe2 Rd8 30. Rd1 Rxd1+ 31. Bxd1 Kf7 32. Bd6 a5 33. Bxc5 Ke6 34.
Ke2 h6 35. Bc2 f5 36. g3 Kd7 37. f4 Kc7 38. Ke3 Bd7 39. Bf8 h5 40. Kd4 Kc6 41.
c5 Be6 42. Ba4+ Kc7 43. Bd6+ Kc8 44. Bb3 Bxb3 45. axb3 Kd7 46. Kc4 Kc6 47. Bf8
Kb7 48. Kb5 a4 49. Kxa4 Kc6 50. Kxb4 Kb7 51. Kb5 Kc8 52. c6 Kc7 53. Kc5 Kc8 54.
Kd6 1-0

[Event "AUTO-OPEN-1761"]
[Site "http://www.queenalice.com/game.php?id=682352"]
[Date "2009.11.13"]
[Round "1"]
[White "eder"]
[Black "bacana"]
[Result "0-1"]
[WhiteElo "1557"]
[BlackElo "2048"]

1. d4 Nf6 2. c4 e6 3. Nc3 Bb4 4. Nf3 b6 5. e3 Bb7 6. Be2 O-O 7. O-O Bxc3 8. bxc3
d6 9. h3 Nbd7 10. Nh2 Ne4 11. Qc2 f5 12. f4 Ndf6 13. Nf3 Ng3 14. Rf2 Nfe4 15.
Ng5 Nxf2 16. Kxf2 Nxe2 17. Nxe6 Qh4+ 18. Kxe2 Rf7 19. Kf1 h6 20. d5 c6 21. Qd3
c5 22. e4 fxe4 23. Qxe4 Qf6 24. Bd2 Re8 25. Re1 Bc8 26. f5 Qxf5+ 27. Qxf5 Rxf5+
28. Kg1 Bxe6 29. dxe6 Re5 30. Rd1 R5xe6 31. Bf4 Rd8 32. Rd5 g5 33. Bg3 Kg7 34.
a4 Kf6 35. Kf2 Ke7 36. Kg1 Re3 37. Kh2 Rxc3 38. h4 Rxc4 39. hxg5 hxg5 40. Rxg5
Rxa4 41. Rh5 Kd7 42. Rh7+ Kc6 43. Rh6 Rd4 44. Rh7 Rd7 45. Rxd7 Kxd7 46. Kh3 c4
47. Bf2 Rd3+ 48. g3 c3 49. Kh4 c2 50. g4 c1=Q 51. Bg3 Qh6# 0-1

[Event "Challenge"]
[Site "http://www.queenalice.com/game.php?id=682428"]
[Date "2009.11.13"]
[Round "-"]
[White "eder"]
[Black "cass"]
[Result "1-0"]
[WhiteElo "1320"]
[BlackElo "1570"]

1. d4 e6 2. c4 Nc6 3. Nf3 d5 4. Nc3 dxc4 5. e3 Nb4 6. a3 Nd3+ 7. Bxd3 cxd3 8.
Qxd3 f5 9. Ne5 Qg5 10. O-O b6 11. Qb5+ Ke7 12. Qc6 Kd8 13. Nf7+ Ke7 14. Nxg5 h6
15. Qxa8 Bd7 16. Nf3 a5 17. Ne5 Be8 18. Qc8 Nf6 19. Qxc7+ Nd7 20. d5 g5 21. Nxd7
Bxd7 22. dxe6 Kxe6 23. Rd1 Rh7 24. Qxb6+ Ke7 25. Rxd7+ Kxd7 26. Qb7+ Ke8 27.
Qxh7 f4 28. exf4 gxf4 29. Bxf4 a4 30. Nb5 1-0

[Event "Challenge"]
[Site "http://www.queenalice.com/game.php?id=685219"]
[Date "2009.11.18"]
[Round "-"]
[White "eder"]
[Black "Acuario_72"]
[Result "0-1"]
[WhiteElo "1553"]
[BlackElo "1564"]

1. d4 g6 2. c4 Bg7 3. Nc3 Nf6 4. Nf3 O-O 5. e3 c6 6. Be2 d5 7. O-O Na6 8. h3
dxc4 9. Bxc4 b5 10. Bd3 Bb7 11. a4 b4 12. Na2 Nd5 13. Qe2 c5 14. Bxa6 Bc6 15.
Bb5 Bb7 16. dxc5 b3 17. Nc3 a6 18. Bc4 Bxc3 19. bxc3 Nxc3 20. Qb2 Ne4 21. Qxb3
Qc7 22. Qb6 Rfc8 23. Qxc7 Rxc7 24. Ba3 e6 25. Rfd1 Nc3 26. Rd2 Nxa4 27. Bb4 Nxc5
28. Bxc5 Rxc5 29. Be2 Kg7 30. Rda2 a5 31. Nd4 Rg5 32. Bf3 Bxf3 33. Nxf3 Rc5 34.
Nd4 h5 35. Nb3 Rg5 36. Rxa5 Raxa5 37. Rxa5 Kh6 38. Rxg5 Kxg5 39. Nd4 h4 40. Nf3+
Kh5 41. Ne5 f6 0-1

[Event "Challenge"]
[Site "http://www.queenalice.com/game.php?id=685230"]
[Date "2009.11.18"]
[Round "-"]
[White "Fauquinelle"]
[Black "eder"]
[Result "1/2-1/2"]
[WhiteElo "1821"]
[BlackElo "1533"]

1. d4 Nf6 2. c4 e6 3. Nc3 d5 4. Bg5 Nbd7 5. e3 Be7 6. cxd5 exd5 7. Bd3 h6 8.
Bxf6 Nxf6 9. Nf3 O-O 10. O-O c6 11. a3 Bd6 12. Qc2 Qc7 13. Rae1 Bg4 14. Ne5 Bxe5
15. dxe5 Qxe5 16. h3 Bd7 17. e4 dxe4 18. Nxe4 Nxe4 19. Bxe4 Qg5 20. Qc3 Rfe8 21.
f4 Qd8 22. Rf3 f6 23. Bg6 Rxe1+ 24. Qxe1 Qb6+ 25. Rf2 Qc5 26. f5 Kf8 27. b4 Qb6
28. Qd2 Be8 29. Qd6+ Kg8 30. Qe6+ Kf8 31. Qd6+ Kg8 32. Qe6+ 1/2-1/2

[Event "AUTO-OPEN-1780"]
[Site "http://www.queenalice.com/game.php?id=690799"]
[Date "2009.11.30"]
[Round "1"]
[White "eder"]
[Black "SloVice"]
[Result "0-1"]
[WhiteElo "1552"]
[BlackElo "1834"]

1. d4 f5 2. g3 Nf6 3. Bg2 g6 4. Nf3 Bg7 5. O-O d6 6. Nc3 O-O 7. Bd2 c6 8. Qc1
Na6 9. Bh6 Nc7 10. Qg5 Qe8 11. Bxg7 Kxg7 12. Qd2 Be6 13. Rfe1 Ncd5 14. Ng5 Qd7
15. e4 Nxc3 16. Qxc3 Nxe4 17. Nxe4 fxe4 18. d5+ Kg8 19. dxe6 Qxe6 20. Rxe4 Qf7
21. Rf4 Qe8 22. Rxf8+ Qxf8 23. Re1 e5 24. Qb3+ Qf7 25. Qxf7+ Kxf7 26. f4 Re8 27.
fxe5 Rxe5 28. Rxe5 dxe5 29. Kf2 Ke6 30. Ke3 g5 31. Ke4 h5 32. h4 g4 33. Bf1 a6
0-1

[Event "AUTO-OPEN-1780"]
[Site "http://www.queenalice.com/game.php?id=690800"]
[Date "2009.11.30"]
[Round "1"]
[White "SloVice"]
[Black "eder"]
[Result "1-0"]
[WhiteElo "1829"]
[BlackElo "1557"]

1. e4 e6 2. d4 d5 3. Nc3 c5 4. exd5 exd5 5. Bb5+ Nc6 6. Nf3 Nf6 7. O-O Be7 8.
Bg5 O-O 9. dxc5 Be6 10. Bxc6 bxc6 11. Nd4 Bxc5 12. Nxc6 Qb6 13. Bxf6 Qxc6 14.
Bd4 Bb4 15. Qf3 Bxc3 16. Bxc3 Qc4 17. Qg3 d4 18. Bd2 Qxc2 19. Bh6 Qg6 20. Qxg6
fxg6 21. Rfe1 Bc4 22. b3 Bxb3 23. Bxg7 Kxg7 24. axb3 Rf7 25. Re4 Rd7 26. Kf1 Rb8
27. Ra4 Rxb3 28. Raxd4 Rdb7 29. Ra4 Rb2 30. Ra1 Rb1+ 31. Re1 Rxa1 32. Rxa1 Kf6
33. Ra5 Ke6 34. g3 1-0

[Event "AUTO-OPEN-1780"]
[Site "http://www.queenalice.com/game.php?id=690801"]
[Date "2009.11.30"]
[Round "1"]
[White "eder"]
[Black "josecastroman"]
[Result "0-1"]
[WhiteElo "1545"]
[BlackElo "1895"]

1. d4 d5 2. c4 Nf6 3. Nf3 Bf5 4. Nc3 a6 5. e3 Nc6 6. Be2 e6 7. O-O dxc4 8. Bxc4
Bg4 9. Be2 Bd6 10. h3 Bh5 11. Bd2 h6 12. Nh4 Bxe2 13. Qxe2 g5 14. Nf3 Qe7 15.
Rac1 g4 16. hxg4 Nxg4 17. Ne4 h5 0-1

[Event "AUTO-OPEN-1780"]
[Site "http://www.queenalice.com/game.php?id=690802"]
[Date "2009.11.30"]
[Round "1"]
[White "josecastroman"]
[Black "eder"]
[Result "1-0"]
[WhiteElo "1891"]
[BlackElo "1547"]

1. e4 e6 2. Nf3 d5 3. exd5 exd5 4. d4 Nf6 5. Bg5 Be7 6. h3 O-O 7. Nc3 h6 8. Bh4
Nc6 9. Qd2 Re8 10. O-O-O Bf5 11. g4 Bg6 12. Bd3 Ne4 13. Bxe7 Qxe7 14. Bxe4 Bxe4
15. Nxe4 Qxe4 16. Qd3 Qe2 17. Qxe2 Rxe2 18. Rd2 1-0

[Event "AUTO-OPEN-1780"]
[Site "http://www.queenalice.com/game.php?id=690803"]
[Date "2009.11.30"]
[Round "1"]
[White "eder"]
[Black "widad"]
[Result "1-0"]
[WhiteElo "1653"]
[BlackElo "1550"]

1. d4 f5 2. Nc3 Nf6 3. Nf3 e6 4. e3 Bb4 5. Bd2 a6 6. Be2 b5 7. O-O Bb7 8. a3 Be7
9. h3 Nc6 10. Na2 Ne4 11. c4 Nxd2 12. Qxd2 O-O 13. cxb5 axb5 14. Bxb5 d5 15.
Bxc6 Bxc6 16. Rac1 Rb8 17. Rxc6 Bd6 18. Rfc1 h6 19. Ne5 Bxe5 20. dxe5 Rf7 21.
Rxe6 Qd7 22. Rec6 Rb7 23. Nb4 Re7 24. Qxd5+ Qxd5 25. Nxd5 Rxe5 26. Nb4 Re7 27.
R1c2 Kf8 28. Nd5 Rd7 29. Nxc7 Rb8 30. Ne6+ Kf7 31. Nd4 g6 32. Rc7 Rxc7 33. Rxc7+
Kf6 34. b4 Ke5 35. Nc6+ Kd6 36. Nxb8 1-0

[Event "AUTO-OPEN-1780"]
[Site "http://www.queenalice.com/game.php?id=690804"]
[Date "2009.11.30"]
[Round "1"]
[White "widad"]
[Black "eder"]
[Result "0-1"]
[WhiteElo "1500"]
[BlackElo "1543"]

1. e4 e6 2. d4 d5 3. e5 c5 4. Bb5+ Bd7 5. Qe2 cxd4 6. Nf3 Qa5+ 7. Bd2 Qxb5 8.
Qxb5 Bxb5 9. Nxd4 Bd7 10. Nc3 Nc6 11. Ndb5 Rc8 12. f4 a6 13. Nd6+ Bxd6 14. exd6
Nf6 15. O-O-O b5 16. g3 d4 17. Ne2 Ne4 18. Kb1 Nf2 19. a3 Nxh1 20. Rxh1 O-O 21.
h4 Rfd8 22. g4 Be8 23. f5 Rxd6 24. Bf4 Rdd8 25. fxe6 fxe6 26. Bd2 d3 27. cxd3
Rxd3 28. Bc3 Bg6 29. Ka2 Rcd8 30. Nf4 R3d6 31. h5 Be4 32. Re1 Bd5+ 33. Nxd5 exd5
34. Bb4 Nxb4+ 35. Kb3 Nd3 36. Rf1 Nc5+ 37. Kc3 d4+ 38. Kd2 Ne4+ 39. Kd3 Re8 40.
Re1 Nf2+ 41. Kd2 Rxe1 42. Kxe1 d3 0-1

[Event "AUTO-INT-1532"]
[Site "http://www.queenalice.com/game.php?id=690935"]
[Date "2009.11.30"]
[Round "1"]
[White "tony143"]
[Black "eder"]
[Result "0-1"]
[WhiteElo "1456"]
[BlackElo "1637"]

1. d4 Nf6 2. a3 e6 3. h3 d5 4. f3 c5 5. dxc5 Bxc5 6. g4 Qb6 7. e3 Bxe3 8. Bxe3
Qxe3+ 9. Qe2 Qc1+ 10. Kf2 Qxb2 11. Nd2 Qxa1 12. Qb5+ Nc6 13. Nb3 Qxa3 14. Ne2
O-O 15. f4 a6 16. Qd3 Ne4+ 17. Ke1 Nb4 18. Qd4 Nxc2+ 19. Kd1 Nxd4 20. Nbxd4 Qb2
21. Rh2 Qd2# 0-1

[Event "AUTO-INT-1532"]
[Site "http://www.queenalice.com/game.php?id=690936"]
[Date "2009.11.30"]
[Round "1"]
[White "eder"]
[Black "tony143"]
[Result "0-1"]
[WhiteElo "1578"]
[BlackElo "1444"]

1. d4 g6 2. c4 b6 3. Nf3 Bg7 4. g3 Bb7 5. Bg2 Nh6 6. O-O Be4 7. Nc3 Bxf3 8. Bxf3
a6 9. Bxa8 c6 10. d5 Qc7 11. Bf4 e5 12. Bxh6 Bxh6 13. dxc6 dxc6 14. Ne4 O-O 15.
Qd6 Qa7 16. Bxc6 Nxc6 17. Qxc6 b5 18. cxb5 axb5 19. Qxb5 f5 20. Nc3 Bd2 21. Qd5+
Rf7 22. Qxd2 f4 23. e3 fxe3 24. Qxe3 Qb8 25. Rad1 Qxb2 0-1

[Event "AUTO-INT-1532"]
[Site "http://www.queenalice.com/game.php?id=690947"]
[Date "2009.11.30"]
[Round "1"]
[White "xadrez_e_vida"]
[Black "eder"]
[Result "0-1"]
[WhiteElo "1732"]
[BlackElo "1541"]

1. c4 e5 2. Nc3 Nc6 3. b3 f5 4. Bb2 Nf6 5. d3 Be7 6. e3 O-O 7. Be2 d6 8. Nf3 Bd7
9. O-O a6 10. Qd2 Be6 11. Rad1 e4 12. dxe4 Nxe4 13. Nxe4 fxe4 14. Nd4 Bd7 15.
Qc2 Bf6 16. Qxe4 Qe8 17. Qc2 Bxd4 18. exd4 Bf5 19. Qd2 Qg6 20. Kh1 Rae8 21. h3
Bxh3 22. gxh3 Qe4+ 23. f3 Qxe2 24. Rf2 Qe3 25. d5 Qxd2 26. Rdxd2 Ne5 27. Kg2 Rf5
28. Rde2 Ref8 29. Bxe5 dxe5 30. h4 h6 31. Re4 g5 32. Rg4 Rf4 0-1

[Event "AUTO-INT-1532"]
[Site "http://www.queenalice.com/game.php?id=690948"]
[Date "2009.11.30"]
[Round "1"]
[White "eder"]
[Black "xadrez_e_vida"]
[Result "1-0"]
[WhiteElo "1565"]
[BlackElo "1708"]

1. d4 d5 2. c4 dxc4 3. Nf3 e6 4. Nc3 Nf6 5. e3 Bb4 6. Bxc4 O-O 7. O-O a6 8. a3
Bd6 9. h3 b5 10. Bd3 Bb7 11. Qc2 h6 12. Nh2 c5 13. dxc5 Bxc5 14. Ne4 Nxe4 15.
Bxe4 Bxe4 16. Qxe4 Nd7 17. b4 Bb6 18. Bb2 Qe7 19. Rad1 Nf6 20. Qe5 Qc7 21. Qxc7
Bxc7 22. Bxf6 gxf6 23. Ng4 Kg7 24. Rd7 Rac8 25. Rfd1 h5 26. Nh2 Rfd8 27. Nf3 Kf8
28. Rxd8+ Rxd8 29. Rxd8+ Bxd8 30. Nd4 Bb6 31. Nc6 Ke8 32. Kf1 Bc7 33. Ke2 1-0